<?xml version="1.0" encoding="UTF-8"?>
<record
    xmlns:xsi="http://www.w3.org/2001/XMLSchema-instance"
    xsi:schemaLocation="http://www.loc.gov/MARC21/slim http://www.loc.gov/standards/marcxml/schema/MARC21slim.xsd"
    xmlns="http://www.loc.gov/MARC21/slim">

  <leader>02182nam a22003617a 4500</leader>
  <datafield tag="999" ind1=" " ind2=" ">
    <subfield code="c">21844</subfield>
    <subfield code="d">21844</subfield>
  </datafield>
  <controlfield tag="003">AR-CdUCM</controlfield>
  <controlfield tag="008">190425b           ||||| |||| 00| 0 spa d</controlfield>
  <datafield tag="040" ind1=" " ind2=" ">
    <subfield code="a">MUNICIPALIDAD PROVINCIAL DEL CUSCO</subfield>
    <subfield code="c">BIBLIOTECA MUNICIPAL DEL CUSCO</subfield>
  </datafield>
  <datafield tag="082" ind1=" " ind2=" ">
    <subfield code="a">Rev.Andi/N&#xB0;22/1993</subfield>
  </datafield>
  <datafield tag="110" ind1=" " ind2=" ">
    <subfield code="a">Centro Bartolom&#xE9; de Las Casas</subfield>
    <subfield code="9">3293</subfield>
  </datafield>
  <datafield tag="245" ind1=" " ind2=" ">
    <subfield code="a">Revista andina /</subfield>
    <subfield code="c">Centro de estudios rurales andinos Bartolom&#xE9; de Las Casas Cusco</subfield>
  </datafield>
  <datafield tag="260" ind1=" " ind2=" ">
    <subfield code="a">Cusco :</subfield>
    <subfield code="b">Centro Bartolom&#xE9; de Las Casas,</subfield>
    <subfield code="c">1993.</subfield>
  </datafield>
  <datafield tag="300" ind1=" " ind2=" ">
    <subfield code="a">271-544 p&#xE1;ginas. :</subfield>
    <subfield code="c">23 cm.</subfield>
  </datafield>
  <datafield tag="440" ind1=" " ind2=" ">
    <subfield code="a">Publicaci&#xF3;n Semestral del Centro Bartolom&#xE9; de Las Casas Cusco.</subfield>
    <subfield code="n">A&#xF1;o 11, N&#xFA;mero 22, N&#xB0;2, Segundo semestre 1993.</subfield>
    <subfield code="9">46395</subfield>
  </datafield>
  <datafield tag="505" ind1=" " ind2=" ">
    <subfield code="a">Contenido: Ciudadanos perif&#xE9;ricos y demos dividido. Bruno Revesz. --Los lobos hambrientos y el tributo a Dios conflictos sociales en torno a los diezmos en Charcas colonial. Rossana Barrag&#xE1;n, Sinclair Thomson. -- Protecci&#xF3;n divina y perdici&#xF3;n liberal, po&#xE9;ticas del intercambio en el Potos&#xED; del siglo XIX. Tristan Platt. -- El bien com&#xFA;n como pretexto del presidente Jos&#xE9; de Araujo para crear una compa&#xF1;&#xED;a de soldados y prohibir el aguardiente de ca&#xF1;a en Quito en 1737. Luis J. Ramos G&#xF3;mez. -- El comercio de esclavos en Cuzco segunda mitad del s. XVII. Jean-Pierre Tardieu. -- Lenguas del nororiente peruano la hoya de Ja&#xE9;n en el siglo XVI. Alfredo Torero. -- Siku. Jos&#xE9; P&#xE9;rez de Arce. -- Monopolio, comercio directo y fraude: la elite mercantil de Lima en la primera mitad del siglo XVII. Margarita Su&#xE1;rez. -- Confusi&#xF3;n en las Andes. Javier Flores Espinoza.</subfield>
  </datafield>
  <datafield tag="650" ind1=" " ind2=" ">
    <subfield code="a">Diezmos</subfield>
    <subfield code="9">46396</subfield>
  </datafield>
  <datafield tag="650" ind1=" " ind2=" ">
    <subfield code="a">Lenguas ind&#xED;genas</subfield>
    <subfield code="9">46330</subfield>
  </datafield>
  <datafield tag="650" ind1=" " ind2=" ">
    <subfield code="a">Esclavitud</subfield>
    <subfield code="9">802</subfield>
  </datafield>
  <datafield tag="650" ind1=" " ind2=" ">
    <subfield code="a">Monopolio comercial</subfield>
    <subfield code="9">46397</subfield>
  </datafield>
  <datafield tag="650" ind1=" " ind2=" ">
    <subfield code="a">&#xC9;poca colonial</subfield>
    <subfield code="9">46398</subfield>
  </datafield>
  <datafield tag="700" ind1=" " ind2=" ">
    <subfield code="a">Revesz, Bruno</subfield>
    <subfield code="9">11883</subfield>
  </datafield>
  <datafield tag="700" ind1=" " ind2=" ">
    <subfield code="a">Barrag&#xE1;n, Rossana</subfield>
    <subfield code="9">3604</subfield>
  </datafield>
  <datafield tag="700" ind1=" " ind2=" ">
    <subfield code="a">Platt, Tristan</subfield>
    <subfield code="9">7128</subfield>
  </datafield>
  <datafield tag="700" ind1=" " ind2=" ">
    <subfield code="a">Ramos G&#xF3;mez, Luis</subfield>
    <subfield code="9">46399</subfield>
  </datafield>
  <datafield tag="700" ind1=" " ind2=" ">
    <subfield code="a">Tardieu, Jean Pierre</subfield>
    <subfield code="9">46400</subfield>
  </datafield>
  <datafield tag="700" ind1=" " ind2=" ">
    <subfield code="a">Torero, Alfredo</subfield>
    <subfield code="9">2062</subfield>
  </datafield>
  <datafield tag="700" ind1=" " ind2=" ">
    <subfield code="a">P&#xE9;rez de Arce, Jos&#xE9;</subfield>
    <subfield code="9">46401</subfield>
  </datafield>
  <datafield tag="700" ind1=" " ind2=" ">
    <subfield code="a">Su&#xE1;rez, Margarita</subfield>
    <subfield code="9">46402</subfield>
  </datafield>
  <datafield tag="700" ind1=" " ind2=" ">
    <subfield code="a">Flores Espinoza, Javier</subfield>
    <subfield code="9">7794</subfield>
  </datafield>
  <datafield tag="942" ind1=" " ind2=" ">
    <subfield code="2">ddc</subfield>
    <subfield code="c">PP</subfield>
  </datafield>
  <datafield tag="945" ind1=" " ind2=" ">
    <subfield code="a">rac</subfield>
  </datafield>
  <datafield tag="952" ind1=" " ind2=" ">
    <subfield code="0">0</subfield>
    <subfield code="2">ddc</subfield>
    <subfield code="4">0</subfield>
    <subfield code="7">0</subfield>
    <subfield code="a">HEM</subfield>
    <subfield code="b">HEM</subfield>
    <subfield code="c">CART</subfield>
    <subfield code="d">2021-08-24</subfield>
    <subfield code="g">10.00</subfield>
    <subfield code="o">Rev.Andi/N&#xB0;22/1993</subfield>
    <subfield code="p">REVC000320</subfield>
    <subfield code="r">2021-08-24</subfield>
    <subfield code="y">PP</subfield>
  </datafield>
</record>
